000
00273nam a22001217a 4500
082
_a
621.564 WOO'H
100
_a
WOOLRICH, W.R
_9
56665
245
_a
HANDBOOK OF REFRIGERATING ENGINEERING
250
_a
4TH
260
_a
USA
_b
AVI
_c
1966
300
_a
XI, 434P
942
_c
BK
999
_c
567037
_d
567037